[Event "54smm A Naturns-Merania"]
[Site "?"]
[Date "2022.12.03"]
[Round "3.5"]
[White "Maestri, Alessandro"]
[Black "Naegele, Norbert"]
[Result "1/2-1/2"]
[WhiteElo "1528"]
[BlackElo "1819"]
[PlyCount "101"]
[EventDate "2022.12.03"]

{[%evp 0,101,13,13,47,40,54,20,23,22,34,11,27,19,25,19,38,14,45,14,23,34,12,23,
3,8,38,13,1,-2,9,5,8,3,10,7,16,3,3,5,6,0,-2,-5,-4,0,0,- 13,-7,-18,-20,-22,-18,
-12,-8,-8,-9,-17,-19,-18,-20,-24,-16,-35,-28,-28,-32,-33,-26,-19,-26,-17,-14,
-29,-6,-14,0,-44,-34,-45,-45 ,-45,-45,-34,-34,-41,-34,-41,-34,-33,-33,-34,-33,
-33,-33,-33,-32,-47,-48,-56,-51,-42,-42,-42]} 1. e4 e6 2. d4 d5 3. exd5 exd5 4.
Nf3 Nf6 5. Be2 Be7 6. Nc3 O-O 7. O-O h6 8. h3 Bf5 9. Bf4 c6 10. Re1 Nbd7 11.
Bd3 Bxd3 12. Qxd3 Re8 13. Re2 Qb6 14. Rae1 Bf8 15. b3 Rxe2 16. Rxe2 Re8 17.
Rxe8 Nxe8 18. Qe3 Nef6 19. Ne5 Nxe5 20. Bxe5 Nd7 21. Bg3 Qd8 22. a4 Qe7 23.
Qxe7 Bxe7 24. f3 f5 25. Kf1 Kf7 26. Ke2 Ke6 27. Kd3 g5 28. Ne2 f4 29. Bf2 Bd6
30. c3 a6 31. Kd2 Nf6 32. Kd3 b5 33. axb5 axb5 34. Be1 h5 35. Bd2 Kf5 36. Ng1
g4 37. Be1 g3 38. Ke2 Nd7 39. Kf1 c5 40. Ne2 c4 41. b4 Nb6 42. Bd2 Na4 43. Bc1
Nb6 44. Ke1 Nd7 45. Kf1 Nf6 46. Ke1 Nd7 47. Kf1 Nf8 48. Ke1 Ng6 49. Kf1 Ne7 50.
Ke1 Nc6 51. Kf1 1/2-1/2

[Event "54smm A Naturns-Merania"]
[Site "?"]
[Date "2022.12.03"]
[Round "3.6"]
[White "Wielander, Wolfgang"]
[Black "Klotzner, Jakob"]
[Result "1-0"]
[WhiteElo "1529"]
[BlackElo "1444"]
[PlyCount "91"]
[EventDate "2022.12.03"]

{[%evp 0,91,19,13,13,17,14,9,2,-40,48,55,62,53,48,51,37,32,58,42,68,56,80,72,
88,81,86,71,72,57,62,52,59,59,74,79,291,286,450,412,403,4 18,416,416,680,395,
425,413,413,385,486,382,388,395,401,419,442,423,448,409,411,387,475,473,497,
511,522,514,522,520,541,559,606, 490,591,465,525,516,528,525,558,594,631,525,
554,569,629,577,733,761,737,752,1064,770]} 1. e4 e5 2. d4 exd4 3. Nf3 Nc6 4. c3
d3 5. Bxd3 d6 6. O-O Be7 7. Bf4 Nf6 8. Re1 Bg4 9. h3 Bh5 10. Nbd2 Ne5 11. Be2
Bxf3 12. Nxf3 Ng6 13. Bh2 O-O 14. Bc4 Nd7 15. Qb3 Nc5 16. Qc2 Bg5 17. Rad1 Qf6
18. e5 dxe5 19. Bxe5 Nxe5 20. Rxe5 Bf4 21. Rxc5 c6 22. Qf5 Rad8 23. Rxd8 Rxd8
24. g3 Bb8 25. Qxf6 gxf6 26. Bb3 Kg7 27. Rc4 Rd3 28. Kg2 Rd7 29. Re4 f5 30. Re2
c5 31. Ba4 Rc7 32. Re8 b5 33. Bxb5 Rb7 34. Bc4 Kf6 35. b3 Bd6 36. Re2 h6 37.
Nd2 Rb8 38. f4 Rg8 39. Kf3 h5 40. Nf1 h4 41. g4 fxg4+ 42. hxg4 Kg6 43. Rd2 Be7
44. Rd7 Re8 45. Rxa7 f5 46. Bd3 1-0

[Event "54smm B Groden2-Taufers"]
[Site "?"]
[Date "2022.12.03"]
[Round "3.1"]
[White "Balzarini, Franco"]
[Black "Knottner, Klaus"]
[Result "1-0"]
[WhiteElo "1826"]
[BlackElo "1642"]
[PlyCount "121"]
[EventDate "2022.12.03"]

1. d4 Nf6 2. Nf3 e6 3. e3 d5 4. c4 Bb4+ 5. Nbd2 O-O 6. Bd3 Ne4 7. O-O Nxd2 8.
Bxd2 Bxd2 9. Qxd2 Nd7 10. Qc2 g6 11. b4 dxc4 12. Qxc4 Nb6 13. Qc2 Nd5 14. Rab1
a6 15. Rfc1 Bd7 16. a4 Qe7 17. Qb3 c6 18. Ne5 Rfd8 19. Rc5 Be8 20. Bf1 Kg7 21.
Qb2 Kg8 22. h3 Kg7 23. b5 cxb5 24. axb5 b6 25. Rcc1 a5 26. Nc6 Bxc6 27. Rxc6
Rab8 28. Rbc1 Nb4 29. R6c3 Kg8 30. Qb3 Rd7 31. Be2 Rbb7 32. Bf3 Rbc7 33. Rc4
Kf8 34. R1c3 Qd6 35. Qb2 Rxc4 36. Rxc4 Rc7 37. Qc3 Rxc4 38. Qxc4 Kg7 39. Bd1
Qd5 40. Qe2 Qa2 41. Kf1 Kf8 42. Ke1 Qxe2+ 43. Kxe2 Ke7 44. Bb3 Kd6 45. e4 f6
46. Ke3 g5 47. f3 Ke7 48. Kd2 Kd6 49. Kc3 Ke7 50. Kc4 Kd6 51. g3 Ke7 52. f4 h6
53. fxg5 hxg5 54. h4 gxh4 55. gxh4 Kf7 56. h5 f5 57. exf5 Nd5 58. fxe6+ Kxe6
59. Kd3 Kd6 60. Bxd5 Kxd5 61. h6 1-0

[Event "54smm B Groden2-Taufers"]
[Site "?"]
[Date "2022.12.03"]
[Round "3.2"]
[White "Kasslatter, Matthias"]
[Black "Holzer, Philipp"]
[Result "1-0"]
[WhiteElo "1568"]
[BlackElo "1898"]
[PlyCount "91"]
[EventDate "2022.12.03"]

{[%evp 0,91,22,8,8,22,22,22,14,16,22,-25,-25,-22,-22,-30,-25,-17,-49,-59,-60,
-59,-5,18,47,41,23,25,39,43,47,48,48,42,42,52,52,52,52,42 ,94,37,83,74,84,66,
213,220,231,230,222,209,235,235,236,236,245,237,250,244,271,229,277,260,307,
318,426,484,544,577,657,715,780, 707,778,745,1836,1915,1809,1244,1419,1456,
1629,1473,1282,1629,1701,1939,1258,1342,1342,1724,2522,29970]} 1. e4 e5 2. Nf3
Nc6 3. Nc3 Nf6 4. d4 Bb4 5. dxe5 Nxe4 6. Bd2 Bxc3 7. Bxc3 Nxc3 8. bxc3 Qe7 9.
Qd5 d6 10. Bb5 Bd7 11. O-O O-O 12. exd6 cxd6 13. Rad1 Bg4 14. Qxd6 Qxd6 15.
Rxd6 Bxf3 16. gxf3 Ne5 17. f4 Ng6 18. f5 Ne5 19. Rd5 f6 20. Bd7 Rfd8 21. Be6+
Kf8 22. Rfd1 Ke7 23. f4 Nc6 24. Rd7+ Ke8 25. R1d3 Rxd7 26. Rxd7 Rd8 27. Rxb7
Rd1+ 28. Kg2 Rd2+ 29. Kg3 Nd8 30. Rxa7 Rxc2 31. Rxg7 Rxc3+ 32. Kg4 h5+ 33. Kxh5
Rh3+ 34. Kg6 Rxh2 35. Kxf6 Rh8 36. Rg8+ Rxg8 37. Bxg8 Kf8 38. Bd5 Nf7 39. a4
Nd6 40. a5 Nc8 41. a6 Na7 42. Ke6 Nb5 43. Bc4 Na7 44. Kd7 Kg7 45. Kc7 Kf6 46.
Kb7 1-0

[Event "54smm B Groden2-Taufers"]
[Site "?"]
[Date "2022.12.03"]
[Round "3.5"]
[White "Haidacher, Gerold"]
[Black "Lardschneider, Jonas"]
[Result "1-0"]
[WhiteElo "1772"]
[BlackElo "1000"]
[PlyCount "49"]
[EventDate "2022.12.03"]

{[%evp 0,49,27,24,22,30,24,13,22,9,4,-21,75,-24,18,-22,33,0,61,12,4,-2,72,-3,0,
-49,-45,-45,-30,-49,-49,-40,15,-27,3,0,104,106,134,156, 197,157,200,206,455,
404,1180,1172,29997,29998,29999,-30000]} 1. e4 e5 2. Nf3 Nc6 3. Bb5 Bc5 4. c3
a6 5. Ba4 d6 6. h3 Bd7 7. O-O Qf6 8. d3 Nh6 9. Be3 Bxe3 10. fxe3 Rg8 11. d4 Qg6
12. d5 Bxh3 13. Qe2 b5 14. Bc2 Ne7 15. a4 bxa4 16. Bxa4+ Kf8 17. Nbd2 f5 18.
Bd7 Rd8 19. Be6 Nf7 20. Nh4 Qg3 21. Qf2 Qg4 22. Nxf5 Qg5 23. Nxd6 Bxe6 24.
Qxf7+ Bxf7 25. Rxf7# 1-0

[Event "54smm B Groeden3-Arci2"]
[Site "?"]
[Date "2022.12.03"]
[Round "3.1"]
[White "Pichler, Klaus"]
[Black "Bergmeister, Elia"]
[Result "1-0"]
[WhiteElo "1715"]
[BlackElo "1297"]
[PlyCount "103"]
[EventDate "2022.12.03"]

{[%evp 0,103,23,-16,-10,-26,-16,-40,-25,-13,3,3,3,-13,-20,-5,41,51,53,35,23,
-56,50,38,38,38,38,60,56,23,86,72,97,56,145,145,145,140,12 4,129,164,148,191,
185,191,196,214,214,226,184,292,292,294,298,302,273,287,269,325,325,325,325,
325,325,317,313,339,339,356,311,3 34,334,326,329,329,329,329,333,344,316,323,
315,335,348,360,346,363,346,373,335,386,386,413,335,413,320,1752,341,29979,482,
626,6 27,649,668,679,679]} 1. b3 e5 2. Bb2 Nc6 3. e3 d5 4. Bb5 f6 5. d4 exd4 6.
Qxd4 Nge7 7. Nc3 Bd7 8. Qd2 Ne5 9. Be2 c6 10. e4 Qa5 11. O-O-O dxe4 12. Nxe4
Qxd2+ 13. Rxd2 Nd5 14. Nf3 Nxf3 15. Bxf3 O-O-O 16. c4 Bb4 17. cxd5 Bxd2+ 18.
Nxd2 cxd5 19. Bxd5 Bf5 20. Bf3 Rd7 21. Bc3 Rc7 22. Kb2 Re8 23. Nc4 Rd8 24. Rd1
Bd3 25. Ne3 Bg6 26. Bg4+ f5 27. Rxd8+ Kxd8 28. Bh3 f4 29. Nd5 Rc5 30. Nxf4 Bf5
31. Ne6+ Bxe6 32. Bxe6 Rg5 33. g4 Ke7 34. f4 Rg6 35. Bf5 Rh6 36. Bxg7 Rxh2+ 37.
Kc3 h5 38. gxh5 Rxh5 39. Be4 b6 40. Be5 Rh4 41. Bd5 Kd7 42. Kd4 Ke7 43. Ke4 Kd7
44. Kf5 Rh2 45. a4 Ke7 46. Be4 Rh5+ 47. Kg6 Rh1 48. Bb7 a6 49. Bxa6 Ke6 50.
Bc4+ Ke7 51. Bc7 Rg1+ 52. Kf5 1-0

[Event "54smm B Groeden3-Arci2"]
[Site "?"]
[Date "2022.12.03"]
[Round "3.2"]
[White "Thaler, Walter"]
[Black "Benvenuto, Alexander"]
[Result "0-1"]
[WhiteElo "1278"]
[BlackElo "1627"]
[PlyCount "62"]
[EventDate "2022.12.03"]

{[%evp 0,62,22,26,27,27,27,22,23,4,39,17,29,4,21,-6,-9,-18,-13,-24,14,-4,-21,
-26,-23,-16,-9,-127,-17,-161,-151,-250,-250,-250,-250,-25 1,-126,-150,-156,
-157,-148,-150,-122,-221,-225,-344,-344,-508,-339,-382,-384,-563,-571,-602,
-604,-569,-474,-477,-467,-509,-503, -588,-590,-606,-584]} 1. d4 Nf6 2. Bf4 d5
3. e3 e6 4. c3 c5 5. Nd2 Nc6 6. h3 Bd6 7. Bxd6 Qxd6 8. Bd3 e5 9. Ne2 e4 10. Bc2
cxd4 11. cxd4 O-O 12. a3 Bd7 13. Nf4 Ne7 14. f3 Nf5 15. Nf1 Nxe3 16. Nxe3 Qxf4
17. Qe2 a6 18. O-O-O Bb5 19. Qf2 Rac8 20. Kb1 Rc7 21. g3 Qxf3 22. Qxf3 exf3 23.
Rh2 Be2 24. Rd2 Re8 25. Bd1 Rxe3 26. Bxe2 fxe2 27. Rhxe2 Rxe2 28. Rxe2 Ne4 29.
Re3 h5 30. h4 Rc4 31. Rd3 Rc6 0-1

[Event "54smm B Groeden3-Arci2"]
[Site "?"]
[Date "2022.12.03"]
[Round "3.3"]
[White "Feichter, Matthias"]
[Black "Piazza, Alex"]
[Result "0-1"]
[WhiteElo "1576"]
[BlackElo "1126"]
[PlyCount "88"]
[EventDate "2022.12.03"]

{[%evp 0,88,22,22,62,25,23,18,115,97,79,88,99,23,99,92,84,84,79,81,102,66,75,
75,87,107,107,-28,-16,-18,-27,-23,-27,-24,-24,-24,-20,-22 ,-8,-14,-13,-53,-53,
-60,-51,-51,-39,-62,-54,-40,-17,-12,-19,0,79,-10,0,0,0,-15,0,-7,-5,-7,-6,-13,
33,1,0,0,0,0,15,10,10,0,31,32, 0,0,0,0,0,-490,-748,-992,-992,-1002,-1011,-1011,
-1011]} 1. e4 e6 2. d4 d5 3. Nc3 c5 4. exd5 exd5 5. dxc5 Nf6 6. Nf3 Nc6 7. Be3
Be6 8. Bb5 Be7 9. O-O Rc8 10. Qd2 O-O 11. Rad1 Ne4 12. Nxe4 dxe4 13. Nd4 Nxd4
14. Bxd4 Bxc5 15. Bxc5 Qxd2 16. Rxd2 Rxc5 17. a4 a6 18. Be2 Rfc8 19. Rfd1 Kf8
20. Rd8+ Rxd8 21. Rxd8+ Ke7 22. Rd2 f5 23. h4 f4 24. c3 h6 25. Rd4 Re5 26. f3
Bf5 27. fxe4 Bxe4 28. Bg4 g5 29. hxg5 hxg5 30. Kf2 Bc6 31. g3 fxg3+ 32. Kxg3
Ra5 33. b3 Re5 34. Kf2 a5 35. Rd3 Re4 36. Bf3 Rf4 37. Kg3 Bxf3 38. Rxf3 Rxf3+
39. Kxf3 Kd6 40. Kg4 Kd5 41. Kxg5 Ke4 42. Kf6 Kd3 43. b4 axb4 44. cxb4 Kc4 0-1

[Event "54smm B Groeden3-Arci2"]
[Site "?"]
[Date "2022.12.03"]
[Round "3.4"]
[White "Demetz, Josef"]
[Black "Egger, Jakob"]
[Result "0-1"]
[WhiteElo "1180"]
[BlackElo "1449"]
[PlyCount "58"]
[EventDate "2022.12.03"]

{[%evp 0,58,22,22,23,-9,31,31,32,5,6,-1,18,15,24,15,15,8,41,37,87,48,138,71,55,
46,25,19,19,16,31,4,-10,-25,-17,-204,-203,-288,-245,-24 5,-218,-243,-233,-314,
-286,-321,-336,-340,-292,-307,-315,-326,-280,-320,-319,-323,-320,-406,-407,
-29997,-29998]} 1. d4 Nf6 2. c4 g6 3. Nf3 Bg7 4. e3 O-O 5. Bd3 d6 6. O-O Nbd7
7. Nc3 e5 8. b3 Qe8 9. Bc2 c6 10. Rb1 Nh5 11. Re1 f5 12. Bb2 e4 13. Nd2 Ndf6
14. f3 d5 15. cxd5 cxd5 16. Ba3 Rf7 17. Bd6 Qc6 18. fxe4 Qxc3 19. exf5 Bxf5 20.
Bxf5 gxf5 21. Nf3 Bh6 22. Qd2 Qxd2 23. Nxd2 Ne4 24. Nxe4 fxe4 25. Rbc1 Rd8 26.
Bb4 Ng7 27. Bd2 Nf5 28. Rc3 Nxd4 29. Rf1 Ne2+ 0-1

[Event "54smm B Merania2-Richter/Lask2"]
[Site "?"]
[Date "2022.12.03"]
[Round "3.1"]
[White "Pangrazzi, Marco"]
[Black "Sbalchiero, Lorenzo"]
[Result "1-0"]
[WhiteElo "2153"]
[BlackElo "1438"]
[PlyCount "37"]
[EventDate "2022.12.03"]

{[%evp 0,37,22,25,48,48,82,59,47,33,33,27,84,49,37,37,34,39,28,25,32,22,38,4,
30,-76,-93,-121,-4,-105,-18,-5,35,35,29991,29992,29993,29 994,29995,29996]} 1.
e4 c5 2. Nf3 d6 3. d4 cxd4 4. Nxd4 Nf6 5. Nc3 g6 6. Be3 Bg7 7. f3 O-O 8. Qd2
Nc6 9. O-O-O Bd7 10. h4 h5 11. Be2 Rc8 12. g4 hxg4 13. h5 gxh5 14. Bh6 Nxd4 15.
Bxg7 Nxe2+ 16. Nxe2 Kxg7 17. Qg5+ Kh7 18. Rxh5+ Nxh5 19. Qxh5+ 1-0

[Event "54smm B Merania2-Richter/Lask2"]
[Site "?"]
[Date "2022.12.03"]
[Round "3.2"]
[White "Zappi, Adriano"]
[Black "Kowalczyk, Martin"]
[Result "0-1"]
[WhiteElo "1495"]
[BlackElo "1782"]
[PlyCount "96"]
[EventDate "2022.12.03"]

{[%evp 0,96,46,32,34,24,45,44,23,23,97,38,72,23,20,22,26,17,10,-16,-28,-19,-35,
-38,20,29,35,25,120,0,5,26,25,9,-6,0,-10,-21,-23,-14,-3 3,-20,-8,-41,12,-26,
-27,-26,4,-44,-44,-68,-63,-92,-109,-103,-109,-109,-131,-141,-101,-100,-125,
-125,-105,-115,-119,-169,-152,-1 73,-156,-216,-225,-260,-263,-209,-207,-208,
-211,-206,-209,-211,-212,-212,-212,-247,-251,-255,-253,-479,-374,-1206,-1296,
-1369,- 1414,-1562,-2131,-2243,-1092]} 1. Nf3 Nf6 2. d4 g6 3. Bf4 Bg7 4. e3 c5
5. c3 O-O 6. h3 cxd4 7. cxd4 Nc6 8. Be2 Qb6 9. Qc2 d6 10. Nc3 Bf5 11. Qd2 Rfd8
12. O-O e5 13. Bg5 Qa5 14. Nh4 exd4 15. exd4 Re8 16. Bxf6 Bxf6 17. Nxf5 Qxf5
18. Bg4 Qa5 19. Bd7 Re7 20. Bxc6 bxc6 21. Rfd1 Rb8 22. Ne4 Qf5 23. Nxf6+ Qxf6
24. b3 Rbe8 25. Qd3 Re2 26. Rf1 Rb2 27. a4 Ree2 28. Qg3 Qxd4 29. Rad1 Red2 30.
Rxd2 Rxd2 31. Qf3 d5 32. Re1 Rd3 33. Qe2 Kg7 34. b4 Rd2 35. Qf3 Qxb4 36. Qe3
Qd4 37. Qxd4+ Rxd4 38. Rc1 Rc4 39. Rxc4 dxc4 40. Kf1 Kf6 41. Ke2 Ke5 42. Kd2
Kd4 43. Kc2 f5 44. g3 a5 45. g4 fxg4 46. hxg4 g5 47. Kd2 c3+ 48. Kc2 Ke4 0-1

[Event "54smm B Merania2-Richter/Lask2"]
[Site "?"]
[Date "2022.12.03"]
[Round "3.3"]
[White "Mumelter, Erwin"]
[Black "Degaudenz, Fabio"]
[Result "0-1"]
[WhiteElo "1702"]
[BlackElo "1461"]
[PlyCount "84"]
[EventDate "2022.12.03"]

{[%evp 0,84,40,30,90,83,87,87,87,70,57,39,45,41,43,13,58,14,5,-5,-10,-6,-10,0,
-15,-26,50,4,41,-14,28,-15,29,31,26,3,44,68,59,69,66,25, 66,50,51,41,28,39,54,
29,25,-119,-108,-109,-188,-253,-56,-54,-51,-200,-201,-246,-224,-466,-264,-261,
-232,-398,-299,-301,-294,-31 7,-292,-357,-365,-395,-399,-386,-429,-410,-443,
-486,-494,-490,-490,-500,-500]} 1. e4 g6 2. d4 d6 3. Nf3 Bg7 4. Bd3 Nc6 5. c3
e5 6. d5 Nce7 7. O-O a6 8. h3 f5 9. Bg5 h6 10. Bxe7 Nxe7 11. Nbd2 O-O 12. c4 f4
13. Rc1 g5 14. b4 Ng6 15. a4 g4 16. hxg4 Bxg4 17. Be2 Nh4 18. Nxh4 Bxe2 19.
Qxe2 Qxh4 20. Rc3 Qg5 21. Rh3 Rf6 22. Nf3 Qg4 23. Rh4 Qg6 24. Nh2 Raf8 25. Qh5
Qxe4 26. Ng4 Rg6 27. f3 Qf5 28. Qxf5 Rxf5 29. Kf2 h5 30. Nh2 Rfg5 31. Rg1 Bf6
32. Kf1 Kg7 33. c5 Rxg2 34. Rxg2 Bxh4 35. Rxg6+ Kxg6 36. Ke2 Be7 37. c6 bxc6
38. dxc6 d5 39. b5 axb5 40. axb5 Bc5 41. Nf1 h4 42. Nd2 h3 0-1

[Event "54smm B Merania2-Richter/Lask2"]
[Site "?"]
[Date "2022.12.03"]
[Round "3.4"]
[White "Goetsch, Thomas"]
[Black "Gruber, Martin"]
[Result "0-1"]
[WhiteElo "1206"]
[BlackElo "1663"]
[PlyCount "91"]
[EventDate "2022.12.03"]

{[%evp 0,91,25,22,81,70,53,63,58,33,32,37,43,23,28,40,51,51,37,13,7,2,2,-1,-1,
6,24,16,12,6,26,-9,8,-2,18,18,17,16,37,28,13,13,13,10,10 ,10,11,11,8,-14,-18,
-6,-11,-35,-35,-39,-30,-49,-18,-25,-19,-19,-14,-17,-17,-17,-14,-16,-7,-8,0,0,
15,7,11,11,6,6,0,0,92,12,13,0, 0,0,0,-339,-351,-351,-356,-356,-356,-356]} 1. e4
Nf6 2. e5 Nd5 3. c4 Nb6 4. Nf3 d6 5. d4 Bf5 6. Be2 Nc6 7. exd6 exd6 8. O-O Be7
9. a3 O-O 10. Nc3 Bf6 11. Be3 Re8 12. Rc1 Ne7 13. Qd2 c6 14. Rfd1 d5 15. c5 Nd7
16. Bd3 Bxd3 17. Qxd3 Ng6 18. Re1 Qc7 19. Re2 Nf4 20. Bxf4 Qxf4 21. Rce1 Rxe2
22. Nxe2 Qc7 23. Nc1 Nf8 24. Qd2 Ne6 25. Qe3 Qf4 26. Qxf4 Nxf4 27. Ne5 Re8 28.
Kf1 Bxe5 29. Rxe5 Rxe5 30. dxe5 Kf8 31. g3 Ne6 32. Nd3 Ke7 33. Ke2 g6 34. Ke3
f6 35. b4 f5 36. f4 b6 37. cxb6 axb6 38. a4 Kd7 39. Kd2 Nd4 40. Kc3 Ne6 41. a5
bxa5 42. bxa5 c5 43. Kb3 c4+ 44. Kc3 cxd3 45. Kxd3 Kc6 46. Kc3 0-1

[Event "54smm B Merania2-Richter/Lask2"]
[Site "?"]
[Date "2022.12.03"]
[Round "3.5"]
[White "Pardeller, Arthur"]
[Black "Avolio, Luca"]
[Result "1-0"]
[WhiteElo "1534"]
[BlackElo "1031"]
[PlyCount "65"]
[EventDate "2022.12.03"]

{[%evp 0,65,23,28,32,-16,-16,-10,92,-2,-2,-12,9,-6,5,1,12,1,8,7,13,15,22,14,30,
8,10,0,2,23,29,32,302,303,321,351,358,302,358,309,352,3 62,367,400,434,311,333,
283,366,127,465,490,699,731,733,752,799,696,692,629,713,692,904,952,984,1053,
1190,1231]} 1. d4 d5 2. c4 Nf6 3. Nc3 Bf5 4. e3 e6 5. a3 Be7 6. Nf3 O-O 7. cxd5
exd5 8. Bd3 Bxd3 9. Qxd3 Nc6 10. O-O h6 11. h3 Qd7 12. b4 Rfe8 13. Bb2 Bd6 14.
Rac1 Nd8 15. Nb5 Be7 16. Nxc7 Nc6 17. Nxa8 Rxa8 18. Rc2 Re8 19. Rfc1 Ne4 20.
Ne5 Nxe5 21. dxe5 Bh4 22. g3 Be7 23. Kg2 Qe6 24. Rc7 Qg6 25. Qxd5 Nxg3 26. fxg3
Bh4 27. Qf3 Rd8 28. Rc8 Kh7 29. Rxd8 Bxd8 30. Rf1 Qc2+ 31. Rf2 Qg6 32. Qxf7
Qxf7 33. Rxf7 1-0

[Event "54smm B Naturns2-Steinegg"]
[Site "?"]
[Date "2022.12.03"]
[Round "3.1"]
[White "Engl, Stefan"]
[Black "Illmer, Markus"]
[Result "1-0"]
[WhiteElo "1980"]
[BlackElo "1606"]
[PlyCount "23"]
[EventDate "2022.12.03"]

1. e4 c6 2. d4 d5 3. exd5 cxd5 4. Bd3 Nc6 5. c3 Nf6 6. Bf4 Bg4 7. Qb3 Qd7 8.
Nd2 e6 9. Ngf3 a6 10. Ne5 Qd8 11. Qxb7 Na5 12. Qxf7# 1-0

[Event "54smm B Naturns2-Steinegg"]
[Site "?"]
[Date "2022.12.03"]
[Round "3.2"]
[White "Gurschler, Markus"]
[Black "Pichler, Martin"]
[Result "1/2-1/2"]
[WhiteElo "1555"]
[BlackElo "1870"]
[PlyCount "70"]
[EventDate "2022.12.03"]

1. d4 g6 2. Bf4 Bg7 3. e3 d6 4. Nf3 Nd7 5. Be2 e5 6. Bg5 Ngf6 7. dxe5 dxe5 8.
Nbd2 O-O 9. O-O Qe7 10. c3 Nb6 11. Ne4 Bf5 12. Ng3 Bd7 13. Qc2 h6 14. Bxf6 Qxf6
15. Ne4 Qc6 16. Ng3 Nc4 17. Nd2 Nd6 18. Bf3 Qb6 19. b3 Rad8 20. Rad1 Nf5 21.
Nc4 Qa6 22. Rd5 Nxg3 23. hxg3 Bf5 24. Qb2 Rxd5 25. Bxd5 Rd8 26. Rd1 Be6 27. Bf3
Rxd1+ 28. Bxd1 Bxc4 29. bxc4 Qxc4 30. Bb3 Qd3 31. Qc2 Qd6 32. Qe4 c6 33. Qg4 b5
34. Qc8+ Bf8 35. Qe8 Qf6 1/2-1/2

[Event "54smm B Naturns2-Steinegg"]
[Site "?"]
[Date "2022.12.03"]
[Round "3.3"]
[White "Engl, Alexander"]
[Black "Zoeschg, Herbert"]
[Result "1-0"]
[WhiteElo "1850"]
[BlackElo "1557"]
[PlyCount "67"]
[EventDate "2022.12.03"]

1. f4 d6 2. Nf3 Nf6 3. g3 e5 4. fxe5 dxe5 5. Nxe5 Qd5 6. Nf3 Bc5 7. Nc3 Qd8 8.
Bg2 O-O 9. d4 Bb6 10. Bg5 c6 11. Qd2 h6 12. Bxf6 Qxf6 13. e4 Bg4 14. e5 Qd8 15.
O-O-O Na6 16. h3 Be6 17. g4 Ba5 18. Qe3 Nb4 19. Kb1 Bb6 20. g5 hxg5 21. Nxg5
Bf5 22. Nce4 Nd5 23. Qg3 Bc7 24. Rhf1 Qd7 25. Nc5 Qc8 26. Rxf5 Qxf5 27. Be4 Qf4
28. Qg1 Bd8 29. Nh7 Re8 30. Rf1 Qh4 31. Rxf7 Qh6 32. Qf1 Nf6 33. Nxf6+ Kxf7 34.
Ng4+ 1-0

[Event "54smm B Naturns2-Steinegg"]
[Site "?"]
[Date "2022.12.03"]
[Round "3.4"]
[White "Nischler, Hermann"]
[Black "Lantschner, Carmen"]
[Result "0-1"]
[WhiteElo "1344"]
[BlackElo "1648"]
[PlyCount "74"]
[EventDate "2022.12.03"]

1. e4 d6 2. d4 g6 3. c3 Bg7 4. Nf3 Nf6 5. Bd3 O-O 6. O-O Nbd7 7. Be3 Ng4 8. h3
Nxe3 9. fxe3 c5 10. d5 Nf6 11. Nbd2 b6 12. Rc1 Bb7 13. Bb1 b5 14. a3 Qd7 15.
Nh2 e6 16. dxe6 Qxe6 17. Ng4 Nh5 18. Rf3 Rae8 19. Nf2 Nf6 20. Qc2 Re7 21. Rf1
a6 22. Rd1 Rfe8 23. Kh1 Nxe4 24. Ndxe4 f5 25. Nxd6 Bxf3 26. gxf3 Rd8 27. Qd2
Red7 28. e4 Rxd6 29. Qc2 Rxd1+ 30. Nxd1 fxe4 31. fxe4 Qxh3+ 32. Kg1 Qg3+ 33.
Kh1 Qe1+ 34. Kg2 Rd2+ 35. Kf3 Qe2+ 36. Kg3 Be5+ 37. Kh3 Qh5# 0-1

[Event "54smm B Ridnaun-Kaltern/Tramin2"]
[Site "?"]
[Date "2022.12.03"]
[Round "3.2"]
[White "Sparber, Werner"]
[Black "Filosi, Gianluigi"]
[Result "1-0"]
[WhiteElo "1580"]
[BlackElo "1596"]
[PlyCount "53"]
[EventDate "2022.12.03"]

1. d4 d5 2. c4 c6 3. e3 Nf6 4. Nc3 g6 5. Nf3 Bg7 6. Bd3 O-O 7. O-O Bg4 8. h3
Bxf3 9. Qxf3 Re8 10. Rd1 Nbd7 11. cxd5 Nxd5 12. Nxd5 cxd5 13. Qxd5 Qc7 14. Bd2
Rad8 15. Qf3 a6 16. Rac1 Qb8 17. Be4 e5 18. Bc3 Nf6 19. d5 Nxe4 20. Qxe4 f5 21.
Qc4 b5 22. Qb3 Bf8 23. Ba5 Rd7 24. Rc6 Qb7 25. Rdc1 Bd6 26. Rb6 Rc8 27. Rcc6
1-0

[Event "54smm A Kaltern/Tramin-Deutschnofen"]
[Site "?"]
[Date "2022.12.17"]
[Round "4.1"]
[White "Zamengo, Fulvio"]
[Black "Panjkovic, Aleksandar"]
[Result "1-0"]
[WhiteElo "2330"]
[BlackElo "2075"]
[PlyCount "36"]
[EventDate "2022.12.17"]

{[%evp 0,37,19,31,76,66,67,63,120,77,119,84,94,80,90,90,90,58,87,66,97,86,50,
47,47,41,48,34,15,12,28,28,65,16,124,257,201,259,244,141]} 1. e4 d6 2. d4 c6 3.
Nc3 e5 4. Nf3 Qc7 5. Bc4 h6 6. a4 Nf6 7. O-O Be7 8. Re1 a5 9. Nh4 Na6 10. h3
Nb4 11. dxe5 dxe5 12. Be3 g5 13. Nf5 Bxf5 14. exf5 Rd8 15. Qe2 Nfd5 16. Bd2
Nxc2 17. Nxd5 Rxd5 18. Bxd5 Nxe1 1-0

[Event "54smm A Kaltern/Tramin-Deutschnofen"]
[Site "?"]
[Date "2022.12.17"]
[Round "4.2"]
[White "Zucchelli, Massimo"]
[Black "Dappiano, Andrea"]
[Result "0-1"]
[WhiteElo "2128"]
[BlackElo "2271"]
[PlyCount "84"]
[EventDate "2022.12.17"]

{[%evp 0,84,36,25,32,-21,-11,-4,-4,-5,-16,3,8,0,30,1,19,23,38,43,42,42,38,36,
23,28,21,14,13,6,6,-1,20,13,18,13,22,0,12,-36,-18,-56,-43 ,-40,-33,-29,-28,-27,
-22,-69,-58,-63,-39,-37,-29,-22,-18,-21,-18,-30,-15,-29,-9,-20,-7,-14,-6,0,-6,
0,0,0,0,0,0,0,0,0,0,-37,0,-1 488,-29988,-29989,-29990,-29995,-673]} 1. d4 Nf6
2. c4 e6 3. Nf3 d5 4. cxd5 exd5 5. Nc3 c6 6. Bg5 Be7 7. Qc2 O-O 8. e3 Re8 9.
Bd3 Nbd7 10. O-O h6 11. Bh4 Ne4 12. Bxe7 Qxe7 13. Bxe4 dxe4 14. Nd2 Nf6 15.
Rfe1 g6 16. Rac1 Kg7 17. a3 h5 18. Nf1 h4 19. f3 Bf5 20. f4 h3 21. g3 Rad8 22.
Qa4 a6 23. Qa5 Nd5 24. Na4 Bg4 25. Rc5 f6 26. Nb6 Be6 27. Nd2 Nxb6 28. Qxb6 Bd5
29. Nb3 Rd7 30. Rc2 Bxb3 31. Qxb3 Rd5 32. Rec1 Qd7 33. Rc5 Rxc5 34. Rxc5 Qg4
35. Qxb7+ Kh6 36. Qxa6 Qf3 37. Qf1 Qxe3+ 38. Qf2 Qd3 39. Rc1 e3 40. Qe1 e2 41.
Qf2 Qd1+ 42. Qe1 Qxc1 0-1

[Event "54smm A Kaltern/Tramin-Deutschnofen"]
[Site "?"]
[Date "2022.12.17"]
[Round "4.3"]
[White "Micheli, Carlo"]
[Black "Thaler, Elmar"]
[Result "1-0"]
[WhiteElo "2202"]
[BlackElo "1763"]
[PlyCount "72"]
[EventDate "2022.12.17"]

{[%evp 0,72,39,28,67,74,60,69,69,48,50,36,48,37,43,12,50,41,51,44,29,15,14,2,
22,14,21,-6,-9,10,-1,-38,51,70,70,76,69,55,71,63,169,141, 161,194,204,128,119,
104,148,72,75,93,76,55,68,16,55,75,61,79,62,54,62,6,46,46,46,46,18,120,120,140,
175,177,383]} 1. e4 c6 2. d4 d5 3. e5 Bf5 4. Nf3 e6 5. Be2 h6 6. O-O Ne7 7. c3
Bh7 8. Na3 Nf5 9. Nc2 Be7 10. g3 Nd7 11. Nce1 O-O 12. Ng2 c5 13. h4 cxd4 14.
cxd4 Rc8 15. Bd3 Qb6 16. g4 Nxd4 17. Bxh7+ Kxh7 18. Nxd4 Nxe5 19. Nb3 Rc4 20.
Be3 Qd8 21. f4 Nc6 22. g5 g6 23. h5 hxg5 24. hxg6+ fxg6 25. fxg5 Rf5 26. Rxf5
exf5 27. Nd2 Rg4 28. Nf3 d4 29. Bf4 Qd5 30. Qb3 Nb4 31. Re1 Bc5 32. Qxd5 Nxd5
33. Bd2 Ne3 34. Bxe3 dxe3 35. Kf1 Rg3 36. Ngh4 Rh3 1-0